Pays selon le prix du Big Mac (les plus chers) - Statistiques

Statistiques générales
  • Ce quiz a été pris 179 fois
  • Le résultat moyen est 14 sur 20
Statistiques - réponses
Prix en $ Pays % Correct
4.41 France
99%
4.93 Etats-Unis
94%
3.76 Espagne
93%
6.44 Suisse
93%
3.86 Allemagne
90%
4.3 Italie
89%
4.22 Royaume-Uni
85%
4.14 Canada
83%
5.21 Norvège
80%
5.23 Suède
80%
4.41 Finlande
75%
4.25 Belgique
73%
4.32 Danemark
73%
3.74 Australie
71%
3.76 Autriche
66%
4.25 Irlande
66%
3.91 Nouvelle-Zélande
46%
4.29 Israël
19%
3.74 Uruguay
4%
4.02 Costa Rica
2%
Aucun quiz correspondant
Distribution des résultats
% des personnes avec chaque résultat
Percentile par nombre de réponses
Votre historique - résultats
Vous n’avez pas pris ce quiz